|
|
|
|
| LEADER |
00000nam a2200000 a 4500 |
| 001 |
vtls001442135 |
| 003 |
SK-MaSNL |
| 005 |
20260301202941.0 |
| 008 |
130607s1998 xo 0 slo |
| 015 |
|
|
|a SNBJ2002/04-01745
|
| 035 |
|
|
|a SNK000397346
|
| 040 |
|
|
|a SNK
|b slo
|c SNK
|e AACR2
|
| 044 |
|
|
|a xo
|c SK
|
| 080 |
|
|
|a 784.4:785.14(086.7)
|2 1981
|
| 080 |
|
|
|a 785.14
|2 1981
|
| 245 |
1 |
|
|a Na slovenskom sobáši
|h zvukový dokument
|
| 260 |
|
|
|a Bratislava
|b BMG Ariola
|c 1998
|
| 300 |
|
|
|a 1 kompaktná platňa (72 min.)
|b stereo
|
| 500 |
|
|
|a Fotograf Anton Sládek
|
| 505 |
0 |
|
|a Obsahuje 67 piesní
|
| 511 |
|
|
|a Účinkuje Malokarpatská kapela
|
| 650 |
0 |
7 |
|a ľudová hudba
|x piesne ľudové
|x platne kompaktné
|2 SNK
|9 283668
|
| 650 |
0 |
7 |
|a piesne ľudové
|x platne kompaktné
|2 SNK
|9 283669
|
| 655 |
|
7 |
|a magnetofónové kazety
|2 SNK
|9 70693
|
| 700 |
1 |
|
|a Sládek, Anton,
|d 1956-
|4 fot
|9 245878
|
| 710 |
0 |
|
|a Malokarpatská kapela
|4 uci
|9 33011
|
| 999 |
|
|
|c 900813
|d 902743
|
| 952 |
|
|
|t P60, <03>, [BOOK], {603}
|a SNK
|b SNK
|y PREZ
|7 0
|p 17A0359140
|o snkSCD 1400
|i snkJK 684/2002
|0 0
|1 0
|4 0
|d 2002-10-09
|l 0
|r 2005-01-02 00:00:00
|w 2026-02-24
|